000 00756nam a2200229 u 4500
005 20250513063844.0
008 141111s1999 r 000 0 eng d
020 _a9501229041
035 _aUPN01000200673
049 _aCG
050 4 _aBF698.8 Z8
_bZ3.7
100 1 _aZdunic, Angélica L.
_936411
245 1 3 _aEl test de Zulliger en la evaluación de personal :
_baportes del sistema comprehensivo de Exner /
_cAngélica L. Zdunic.
260 _aBuenos Aires :
_bPaidós,
_c1999.
300 _a140 p. :
_bil., tablas
440 0 _aCuadernos de evaluación psicológica ;
_v4
650 4 _aZULLIGER, PRUEBA DE
_923572
650 2 _aEvaluación de personal
_95384
650 2 _aTécnicas proyectivas
_913525
905 _aLibro
999 _c172774
_d172774